00531 2200181 4500001002100000005001500021035002000036245009500056100002000151250000600171300003300177260003700210082001000247084001600257020002200273650003700295990001700332INLIS00000000000138720191001024629 a0010-10190000071 aKisah Binatang Dalam Al-Qur'an :bUnta Binatang Tangguh di Padang Pasir /cTim Daffa Media0 aTim Daffa Media a- a32 hlm. :bilus. ;c19,3 cm. aJakarta :bDaffa Media,c[ s.a ] a2X1.6 a2X1.6 TIM k a978-602-6787-26-2 aCerita dan Kisah Dalam Al-Qur'an a04750/H/2018